000 00946cab a2200253 4500
001 ABS45944
008 090401t xxu||||| |||| 00| 0 eng d
035 _a(Sirsi) u56011
041 _aeng
100 _aTemple, P.
245 _aLeasing developments in the UK brewing industry
260 _c2(3) Winter 1991/92, 349-355(7)
350 _a0
490 _aJournal of Property Finance
_v2(3) Winter 1991/92, 349-355(7)
520 _aExamines the background to the decision by major brewers and some regional operators to replace traditional tenancy agreements with assignable commercial leases, the difference between the leasing arrangements now being offered and some of the problems that have arisen.
650 _aBREWING INDUSTRY
650 _aINNTREPRENEUR
650 _aPUB LEASES
650 _aPUBLIC HOUSES
690 _aPROPERTY-LANDLORD AND TENANT
690 _aLEISURE AND RECREATION
942 _n0
948 _c04/03/1997
999 _c34207
_d34207